Entomología económica: insectos de interés agrícola, forestal, médico y veterinario; nativos, introducidos y susceptibles de ser introducidos
I tiakina i:
| Kaituhi matua: | |
|---|---|
| Hōputu: | Pukapuka |
| Reo: | Pāniora |
| I whakaputaina: |
Concepción
Universidad de Concepción
1994
|
| Ngā marau: | |
| Ngā Tūtohu: |
Tāpirihia he Tūtohu
Kāore He Tūtohu, Me noho koe te mea tuatahi ki te tūtohu i tēnei pūkete!
|
MARC
| LEADER | 00000nam a2200000 a 4500 | ||
|---|---|---|---|
| 001 | UCM9083 | ||
| 003 | CL-VaPUC | ||
| 005 | 20240910154358.0 | ||
| 008 | 030411e19940000CL |||||||||||||||||spa|d | ||
| 999 | |c 303460 |d 303458 | ||
| 040 | |c Pontificia Universidad Católica de Valparaíso | ||
| 082 | 0 | 4 | |a 595.7 ART 1994 |2 21 |
| 100 | 0 | |a Artigas, Jorge N |9 475455 | |
| 245 | 1 | 0 | |a Entomología económica: insectos de interés agrícola, forestal, médico y veterinario; nativos, introducidos y susceptibles de ser introducidos |
| 260 | |a Concepción |b Universidad de Concepción |c 1994 | ||
| 300 | |a v | ||
| 583 | |a last modification |c 20030411 00:00:00 |k Rodrigo Vera | ||
| 650 | 0 | |a Entomología |9 269835 |x Producción económica | |
| 650 | 0 | |a Entomología |9 269835 |x Morfología de insectos | |
| 650 | 0 | |a Entomología |x Taxonomía de insectos |9 269835 | |
| 650 | 0 | |a Insectos de Chile |9 891252 | |
| 942 | |c BK |2 ddc | ||
| 945 | |d 20030411 00:00:00 |a cmena | ||
| 952 | |0 0 |1 0 |2 ddc |4 0 |6 595_700000000000000_ART_1994 |7 0 |8 A |9 364791 |a BIBCUR |b BIBCUR |c PAC |d 2019-11-21 |h v.1 |i 3892646 |o 595.7 ART 1994 |p 3892646 |r 2025-04-22 |t 1 |w 2019-11-21 |y BK |k BIO | ||
| 952 | |0 0 |1 0 |2 ddc |4 0 |6 595_700000000000000_ART_1994 |7 0 |8 A |9 364792 |a BIBCUR |b BIBCUR |d 2019-11-21 |h v.1 |i 3892654 |l 1 |o 595.7 ART 1994 |p 3892654 |r 2025-04-22 |s 2020-03-17 |t 2 |w 2019-11-21 |y BK |k BIO | ||
| 952 | |0 0 |1 0 |2 ddc |4 0 |6 595_700000000000000_ART_1994 |7 0 |8 A |9 364793 |a BIBCUR |b BIBCUR |d 2019-11-21 |h v.2 |i 3892662 |l 1 |o 595.7 ART 1994 |p 3892662 |r 2025-04-22 |s 2020-03-17 |t 1 |w 2019-11-21 |y BK |k BIO | ||